000 00371cam a2200145ua 4500
041 _aeng
_h
082 _a823.301
_bDOW/MO
100 _aDower, Pauline .
245 _aMoses: old testament stories /
_cPauline Dower.
_hTextual Documents
260 _aLondon :
_bOxford University Press ,
_c1965.
300 _a ; .
504 _a
942 _cBK
999 _c12855
_d12855